Acclimitization of micropropagated plants of Hevea (Record no. 53740)

MARC details
000 -LEADER
fixed length control field 00384nam a2200133Ia 4500
100 ## - MAIN ENTRY--AUTHOR NAME
Personal name Seneviratne P
245 #0 - TITLE STATEMENT
Title Acclimitization of micropropagated plants of Hevea
260 ## - PUBLICATION, DISTRIBUTION, ETC. (IMPRINT)
Name of publisher Journal of the Rubber Research Institute of Sri Lanka
Year of publication 1993
300 ## - PHYSICAL DESCRIPTION
Number of Pages 20-30
700 ## - ADDED ENTRY--PERSONAL NAME
Personal name Wijesekara G A S
700 ## - ADDED ENTRY--PERSONAL NAME
Personal name Zoysa G M de
942 ## - ADDED ENTRY ELEMENTS (KOHA)
Koha item type Journals
Holdings
Withdrawn status Lost status Damaged status Not for loan Home library Current library Shelving location Date acquired Serial Enumeration / chronology Koha item type
      Journals RRII Library RRII Library Biotechnology 17/12/2021 Volume 73, Issue Journals